Normativa general de instalaciones de gas, eléctricas y de telefonos

Furkejuvvon:
Bibliográfalaš dieđut
Váldodahkki: Brieva Alvarado, Amador (Dahkki)
Materiálatiipa: Girji
Giella:espánnjágiella
Almmustuhtton: Santiago Juridica de Chile 1988
Ráidu:Colección Textos legales, 107
Fáttát:
Fáddágilkorat: Lasit fáddágilkoriid
Eai fáddágilkorat, Lasit vuosttaš fáddágilkora!

MARC

LEADER 00000nam a2200000 a 4500
001 UCV0558
003 CL-VaPUC
008 881021e19880000CL |||||||||||||||||spa|d
082 0 4 |a 343.83091  |b BRI  |2 21 
100 0 |a Brieva Alvarado, Amador  |e author  |9 295018 
245 1 0 |a Normativa general de instalaciones de gas, eléctricas y de telefonos 
300 |a 536 p 
942 |c BK 
945 |d 19881021 00:00:00 
260 |a Santiago  |b Juridica de Chile  |c 1988 
650 7 |a INSTALACIONES DE GAS LEGISLACION  |2 CL-VaPUC  |9 255330 
650 7 |a INSTALACIONES ELECTRICAS LEGISLACION  |2 CL-VaPUC  |9 255331 
650 7 |a TELEFONO LEGISLACION  |2 CL-VaPUC  |9 255332 
651 7 |a CHILE  |2 CL-VaPUC  |9 295019 
583 |a last modification  |c 19881021 00:00:00  |k Rodrigo Vera 
490 0 |a Colección Textos legales, 107 
999 |c 208951  |d 208949 
952 |0 0  |1 0  |4 0  |6 343_830910000000000_BRI_1988  |7 0  |8 A  |9 183982  |a BIBDER  |b BIBDER  |d 2019-11-14  |i 2509520  |o 343.83091 BRI 1988  |p 2509520  |r 2023-01-25  |w 2019-11-14  |y BK  |k DER